| 000 | 00671nam0a22002291 4500 | ||
|---|---|---|---|
| 001 | rc\2648734 | ||
| 005 | 20250529191201.0 | ||
| 035 | _a(NLR Aleph) 006956320 | ||
| 090 |
_a5297223 _c5297222 |
||
| 100 | _a20110610d1936 |||y0rusy50 ca | ||
| 101 | 0 | _arus | |
| 102 | _aRU | ||
| 105 | _ay z ||||| | ||
| 200 | 1 |
_aОткорм свиней _fД. Жилкин |
|
| 210 |
_aМосква _cЦентросоюз _d1936 _gтипо-литогр. Центросоюза |
||
| 215 |
_a45, [2] с., [1] с. объявл. _d17х13 см |
||
| 700 | 1 |
_aЖилкин _bД. |
|
| 801 | 0 |
_aRU _bNLR _gpsbo |
|
| 801 | 1 |
_aRU _bELAR _2rusmarc |
|
| 852 |
_aNLR _j30.8/6286 |
||
| 942 | _cBOOK | ||
| 980 | _aNB | ||